[Event "Chioggia op-B 10th"]
[Site "Chioggia"]
[Date "2015.10.09"]
[Round "1"]
[White "De Colle, Camillo"]
[Black "Riccobon, Elia"]
[Result "0-1"]
[WhiteElo "1655"]
[BlackElo "1813"]
[PlyCount "88"]
[EventDate "2015.10.09"]
[EventType "swiss"]
[EventRounds "5"]
[EventCountry "ITA"]
[SourceTitle "EXT 2022"]
[Source "ChessBase"]
[SourceDate "2021.10.06"]
[SourceVersion "1"]
[SourceVersionDate "2021.10.06"]
[SourceQuality "1"]

1. e4 e5 2. Nf3 Nc6 3. d4 exd4 4. Bc4 Nf6 5. 0-0 d6 6. Ng5 Ne5 7. Qxd4 h6 8. Nf3 Nxf3+ 9. gxf3 Be7 10. e5 dxe5 11. Qxe5 0-0 12. Kh1 Bd6 13. Qd4 Nh5 14. Rg1 Bf4 15. Rxg7+ Nxg7 16. Qxf4 Bh3 17. Bd3 Re8 18. Be3 Qg5 19. Qg3 Qxg3 20. hxg3 Nf5 21. Kh2 Nxe3 22. Kxh3 Nd5 23. Nd2 c6 24. Ne4 Re6 25. g4 Nf4+ 26. Kg3 Nxd3 27. cxd3 b6 28. f4 Rd8 29. Re1 Rxd3+ 30. f3 Kf8 31. Re2 c5 32. f5 Re8 33. Kf4 Kg7 34. Rg2 f6 35. a3 Re5 36. Rd2 Rxd2 37. Nxd2 Re2 38. Nc4 b5 39. Nd6 Rxb2 40. Ke4 c4 41. Ne8+ Kf7 42. Nd6+ Kf8 43. a4 Re2+ 44. Kf4 c3 0-1

[Event "Pedavena op-B 1st"]
[Site "Pedavena"]
[Date "2005.08.05"]
[Round "5"]
[White "De Colle, Camillo"]
[Black "Solinas, Roberto"]
[Result "1-0"]
[WhiteElo "1661"]
[BlackElo "1634"]
[PlyCount "125"]
[EventDate "2005.08.03"]
[EventType "swiss"]
[EventRounds "6"]
[EventCountry "ITA"]
[SourceTitle "EXT 2023"]
[Source "ChessBase"]
[SourceDate "2022.10.05"]
[SourceVersion "1"]
[SourceVersionDate "2022.10.05"]
[SourceQuality "1"]

1. e4 e5 2. Nf3 f5 3. d4 fxe4 4. Nxe5 Nf6 5. Bg5 Be7 6. Bxf6 Bxf6 7. Qh5+ g6 8. Qe2 d6 9. Ng4 Bxd4 10. c3 Bg7 11. Qxe4+ Qe7 12. Qxe7+ Kxe7 13. Ne3 Re8 14. Nd2 Bh6 15. 0-0-0 Be6 16. Bc4 Bxe3 17. fxe3 Nd7 18. Bxe6 Kxe6 19. Nf3 h6 20. e4 Ne5 21. Nd4+ Kd7 22. Rhf1 Rf8 23. Kc2 Nc4 24. Kb3 Nd2+ 25. Rxd2 Rxf1 26. Nf3 Re8 27. e5 g5 28. h3 Re6 29. c4 Ke7 30. exd6+ cxd6 31. Kb4 Re4 32. b3 g4 33. hxg4 Rh1 34. Nd4 Rxg4 35. Nf5+ Ke6 36. Nxd6 Rh2 37. Nxb7 Rgxg2 38. Nc5+ Ke5 39. Rd5+ Kf4 40. a3 Rd2 41. Ne6+ Ke4 42. Nc5+ Kf3 43. Rf5+ Kg4 44. Rf6 h5 45. Rf7 h4 46. Rxa7 h3 47. Rg7+ Kf3 48. Rf7+ Kg2 49. Rg7+ Kf1 50. Ne4 Rhg2 51. Rf7+ Rdf2 52. Nxf2 Rxf2 53. Rh7 h2 54. a4 Kg1 55. c5 h1Q 56. Rxh1+ Kxh1 57. Kb5 Kg2 58. c6 Rc2 59. b4 Kf3 60. Kb6 Ke4 61. c7 Rc4 62. b5 Kd5 63. Kb7 1-0